Précis d'analyse mathématique á l'usage des candidats au certificat de calcul différentiel et intégral / (Record no. 88323)

MARC details
000 -LEADER
campo de control de longitud fija 00928nam a2200217 i 4500
001 - NÚMERO DE CONTROL
campo de control 88323
003 - IDENTIFICADOR DE NÚMERO DE CONTROL
campo de control ES-MaACL
005 - FECHA Y HORA DE LA ÚLTIMA TRANSACCIÓN
campo de control 20250903024954.0
007 - CAMPO FIJO DE DESCRIPCIÓN FÍSICA--INFORMACIÓN GENERAL
campo de control de longitud fija t|
008 - DATOS DE LONGITUD FIJA--INFORMACIÓN GENERAL
campo de control de longitud fija 050104s1927 fr ||||1| fre d
100 1# - ENTRADA PRINCIPAL--NOMBRE DE PERSONA
Nombre de persona Lainé, E.
9 (RLIN) 69686
245 10 - MENCIÓN DEL TÍTULO
Título Précis d'analyse mathématique á l'usage des candidats au certificat de calcul différentiel et intégral /
Mención de responsabilidad, etc. par E. Lainé avec la coloboration de G. Bouligand.
250 ## - MENCION DE EDICION
Mención de edición 2eme ed.
260 ## - PUBLICACIÓN, DISTRIBUCIÓN, ETC.
Lugar de publicación, distribución, etc. París :
Nombre del editor, distribuidor, etc. Vuibert,
Fecha de publicación, distribución, etc. 1927 (
Lugar de fabricación/manufactura Coulommiers :
Fabricante P. Brodard)
300 ## - DESCRIPCIÓN FÍSICA
Extensión 2 v. ;
Dimensiones 25 cm.
505 8# - NOTA DE CONTENIDO CON FORMATO
Nota de contenido con formato Contiene: T. I: Théorie des fonctions de variables réelles. Théorie des fonctions analytiques. -- T. II: Théorie des équations différentielles. Géométrie infinitésimale. Equations aux dérivées partielles
650 07 - PUNTO DE ACCESO ADICIONAL DE MATERIA--TÉRMINO DE MATERIA
Término de materia o nombre geográfico como elemento de entrada Análisis matemático
Fuente del encabezamiento o término embne
9 (RLIN) 9772
700 0# - ENTRADA AGREGADA--NOMBRE PERSONAL
Nombre de persona Bouligand, Georges.
9 (RLIN) 30918
852 ## - LOCALIZACIÓN
Ubicación ES-MaACL
Número de control de estantería A-1317-18
Holdings
Estatus retirado Estado de pérdida Estado de daño No para préstamo Biblioteca de origen Biblioteca actual Ubicación en estantería Fecha de adquisición Fuente de adquisición Total de préstamos Signatura topográfica completa Código de barras Visto por última vez Precio de reemplazo Tipo de ítem Koha
        Biblioteca del Ateneo de Madrid Biblioteca del Ateneo de Madrid Sala Pecera Planta 1 17/01/2008     A-1317-18 1092263 23/02/2023 23/02/2023 Libro impreso